000 00831nam0a22002651 4500
001 rc\3414053
005 20250610001107.0
021 _aRU
_b[71-53719]
035 _a(NLR Aleph) 007579168
090 _a5489469
_c5489469
100 _a20130115d1971 |||y0rusy50 ca
101 0 _arus
102 _aRU
105 _aa z |||||
200 1 _aНадежность радиорелейных систем связи
210 _aМосква
_cСвязь
_d1971
215 _a136 с.
_cчерт.
_d21
320 _aСписок лит.: с. 133-135 (58 назв.)
606 _aРадиорелейные системы
_xНадежность
_2psbo
700 1 _aРаков
_bА.И.
_gАрий Израилевич
801 0 _aRU
_bNLR
_gpsbo
801 1 _aRU
_bELAR
_2rusmarc
852 _aNLR
_j71-5/3101
942 _cBOOK
980 _aNB